000 00602nam a2200181Ia 4500
005 20250508155527.0
008 008 250505s9999 xx 000 0 eng d
037 _aTextual
040 _aFEDL
_beng
_cFEDL
041 _aeng
_2eng
084 _a371.26, PSY
_qFEDL
245 0 _aConstruction and standardisation of achievement tests in Gujarati for standards 5, 6 and 7. Part 1
260 _aBombay, India
_bPsychological Research Institute
_c1963
300 _aiii,235p.
650 _aEducational - Tests and Measurement
942 _cTEXL
_h371.26, PSY
999 _c1357451
_d1357451